000 00905nam a2200229 a 4500
001 000280798
003 AM-YeHGA
005 20250618071839.0
008 031106s1988 ai o||||r|||||||||1|arm|d
020 _a5807700724
040 _aAM-YeHGA
041 0 _aarm
100 1 _aՍիրունյան, Ղուկաս Տիգրանի,
_d1949-2017
_92416
245 1 0 _aԱստղածաղիկ :
_bԲանաստեղծություններ /
_cՂ. Սիրունյան ; Խմբ.՝ Ս. Գաբրիելյան ; Նկ.՝ Խ. Հակոբյան.
260 _aԵրևան :
_bԱրևիկ,
_c1988.
300 _a80 էջ :
_bգունանկ. ;
_c21 սմ.
650 1 4 _aՀայ մանկական գրականություն
_xԲանաստեղծություն
700 1 _aԳաբրիելյան, Ս.Թ.
_eխմբ.
_4edt
700 1 _aՀակոբյան, Խորեն Զավենի,
_d1945-
_eնկ.
_4art
_93428
942 _2udc
_cBK
090 _c104023
999 _c102704
_d102704